000
00264nam a2200109Ia 4500
005
20251222144728.0
008
251222s9999||||xx |||||||||||||| ||spa||
082
_a
210/A51
100
_a
Alzamora Revoredo, Oscar
245
0
_a
Ministerio de Salvación:
942
_c
LIB
999
_c
18476
_d
18476